Statistics for Biggest Cities of the Kingdom of the Two Sicilies in 1850 with a Map

Click here to take the quiz!

General Stats

  • This quiz has been taken 194 times
  • The average score is 26 of 87

Answers on the Map

Answers color-coded by a green-red scale on the quiz's map according to % correct below.
 

Answer Stats

PopulationCities% Correct
409kNaples
99%
168kPalermo
97%
34kBari
91%
62kMessina
90%
65kCatania
88%
17kSyracuse
85%
19kTaranto
78%
16kReggio Calabria
66%
21kSalerno
58%
18kLecce
54%
16kAgrigento
50%
17kCatanzaro
50%
25kTrapani
50%
27kFoggia
49%
22kRagusa
47%
13kPotenza
44%
25kBarletta
42%
18kMarsala
42%
14kMatera
41%
14kCastrogiovanni
39%
13kL'Aquila
39%
25kAndria
38%
20kCaltanissetta
38%
13kAvellino
34%
20kTrani
33%
13kNoto
32%
17kChieti
30%
14kCorleone
29%
15kGaeta
28%
15kTorre Annunziata
27%
15kVittoria
27%
20kCastellammare di Stabia
26%
31kModica
26%
17kMonopoli
26%
24kAcireale
24%
20kAlcamo
24%
12kMonreale
24%
15kMonte San Giuliano
24%
17kAltamura
23%
14kLicata
23%
23kMolfetta
23%
14kOstuni
23%
14kSciacca
23%
26kTermini Imerese
23%
13kAugusta
22%
16kAversa
22%
22kCaltagirone
22%
12kTorre del Greco
22%
16kAfragola
21%
14kNicosia
20%
17kSan Severo
20%
21kBitonto
19%
18kBisceglie
18%
20kCanicatti
18%
18kCastelvetrano
18%
13kMartina Franca
18%
20kPiazza Armerina
18%
13kAdrano
17%
13kCarini
17%
12kPartanna
17%
14kPaternò
17%
20kCava de' Tirreni
16%
16kComiso
16%
23kCorato
16%
15kFrancavilla Fontana
16%
15kLanciano
16%
14kLucera
16%
19kPartinico
16%
12kSanta Maria Capua Vetere
16%
12kFasano
15%
12kLeonforte
15%
12kRuvo di Puglia
15%
13kSalemi
15%
12kSan Cataldo
15%
12kSulmona
15%
13kVizzini
15%
15kGioia del Colle
13%
18kMaddaloni
13%
12kSan Filippo del Mela
13%
17kTerlizzi
13%
14kAriano Irpino
12%
14kAvigliano
12%
13kSan Marco in Lamis
12%
15kMonte Sant'Angelo
10%
12kRionero in Vulture
10%
14kSarno
10%
12kArpino
9%

Score Distribution

Percentile by Number Answered

Percent of People with Each Score

Your Score History

You have not taken this quiz